| 000 | 00518nam a2200181 4500 | ||
|---|---|---|---|
| 001 | 137236 | ||
| 003 | ES-MaACL | ||
| 005 | 20230906195333.0 | ||
| 007 | t| | ||
| 008 | 070214s1971 sp r ||||1| spa d | ||
| 100 | 1 |
_aSamarakis, Antonio. _9102160 |
|
| 245 | 1 | 3 |
_aEl fallo / _cAntonio Samarakis ; traducción de Francisco Miranda. |
| 250 | _a1ª. ed. | ||
| 260 |
_aBarcelona : _bSeix Barral, _c1971. |
||
| 300 |
_a209 p. ; _c20 cm. |
||
| 700 | 1 |
_aMiranda, Francisco. _981519 |
|
| 852 |
_aES-MaACL _jC-39861 _bR.77045 |
||
| 999 |
_c137236 _d137236 |
||